| 000 | 00737nam a2200229Ia 4500 | ||
|---|---|---|---|
| 005 | 20220615152357.0 | ||
| 008 | 210716s2007 xx 000 0 und d | ||
| 020 | _a9788126511167 | ||
| 040 | _cAIMIT LIBRARY | ||
| 041 | _aeng | ||
| 082 |
_a006.4 _22 _bDUDR |
||
| 100 |
_aDuda, Richard O. _942841 |
||
| 245 |
_aPattern classification / _cBy Richard O. Duda, Peter E. Hart and David G. Stork. |
||
| 250 | _a2nd ed. | ||
| 260 |
_aNew Delhi : _bWiley India Pvt Ltd , _c2006. |
||
| 300 |
_axx,654p. ; _bPB _c23.5 cm |
||
| 650 |
_aProgg For Specific Types Of Computer. _942842 |
||
| 650 |
_aBayesian Decision Theory. _942843 |
||
| 700 |
_aHart, Peter E; _942844 |
||
| 700 |
_aStork David G. _942845 |
||
| 942 |
_2ddc _cBK _e2nd _k006.4 DUDR |
||
| 999 |
_c188680 _d188680 |
||